000 00294nam a2200121Ia 4500
005 20251222141934.0
008 251222s9999||||xx |||||||||||||| ||spa||
082 _a210/G51D/1983
100 _aGiussani, Luigi
245 0 _aDecisione per l'esistenza: appunti
264 _bJaca Book
942 _cLIB
999 _c9139
_d9139